| 000 | 00554naa a2200193 4500 | ||
|---|---|---|---|
| 001 | 184503 | ||
| 003 | ES-MaBCM | ||
| 005 | 20241016192954.0 | ||
| 008 | 110506s2010 esp|r0p 0 ||spa d | ||
| 021 | _axx | ||
| 035 | _a(OCoLC)1365234983 | ||
| 040 | _cES-MaBCM | ||
| 245 | 0 | 0 |
_aGobierno y transparencia del conocimiento _b: el reto de la innovación |
| 520 | 3 | _aNúmero monográfico | |
| 650 | 2 | 7 |
_aInnovación _959013 |
| 651 | 2 | 4 |
_aEspaña _9115342 |
| 773 | 0 |
_aEn: _tEconomía industrial _dMadrid _w104399 _gN. 378 (2010), 1-156 p. |
|
| 942 | _cAREV | ||
| 999 |
_c184503 _d184503 |
||